आमचा बाप आन आम्ही (Record no. 1036860)

MARC details
000 -LEADER
fixed length control field 00593nam a2200181Ia 4500
008 - FIXED-LENGTH DATA ELEMENTS--GENERAL INFORMATION
fixed length control field 151018s9999 xx 000 0 und d
082 ## - DEWEY DECIMAL CLASSIFICATION NUMBER
Item number RBASDV37437
Classification number 920
100 ## - MAIN ENTRY--PERSONAL NAME
Personal name नरेंद्र जाधव
245 ## - TITLE STATEMENT
Title आमचा बाप आन आम्ही
250 ## - EDITION STATEMENT
Remainder of edition statement 1
260 ## - PUBLICATION, DISTRIBUTION, ETC. (IMPRINT)
Name of publisher, distributor, etc ग्रंथाली
Date of publication, distribution, etc 1993
300 ## - PHYSICAL DESCRIPTION
Extent 190
600 ## - SUBJECT ADDED ENTRY--PERSONAL NAME
Personal name नरेंद्र जाधव
630 ## - SUBJECT ADDED ENTRY--UNIFORM TITLE
Uniform title आमचा बाप आन आम्ही
700 ## - ADDED ENTRY--PERSONAL NAME
Personal name नरेंद्र जाधव
730 ## - ADDED ENTRY--UNIFORM TITLE
Uniform title आमचा बाप आन आम्ही
942 ## - ADDED ENTRY ELEMENTS (KOHA)
Koha item type Book
Holdings
Withdrawn status Lost status Damaged status Not for loan Home library Current library Date acquired Cost, normal purchase price Total Checkouts Full call number Barcode Date last seen Cost, replacement price Price effective from Koha item type
        R.B. Anant Shivaji Desai Vachanalaya and Granthalaya, Kudal R.B. Anant Shivaji Desai Vachanalaya and Granthalaya, Kudal 05/28/2009 21.00   RBASDV37437 RBASDV37437 10/18/2015 21.00 10/18/2015 Book